Responses for show #5555 - Friday, October 31, 2008

Carl Brandt game 4.
Regular-play game in which DJ!-eliminated contestant returns for credits chat.

Contestants

Edith Kealy, a research scientist from Kew Gardens, New York

Anders Reynolds, a legislative assistant originally from Little Rock, Arkansas

Carl Brandt, an investor originally from Pittsburgh, Pennsylvania (whose 3-day cash winnings total $40,799)

Jeopardy! Round responses

FAMOUS COUNTS
QUESTS
DAYS OF CREATION
HAVE A TREAT
MORSE CODE
JUST SAY "NO"
    $200 1
Count Dracula

Carl
    $200 6
the Holy Grail

Edith
    $200 11
man

Edith
    $200 16
Twinkies

Carl
    $200 26
"E-T"

Carl
    $200 21
nomadic tribes

Carl
    $400 2
(Leo) Tolstoy

Carl
    $400 7
the Sorcerer's Stone

Edith
    $400 12
the whale

Triple Stumper
    $400 17
Hershey's

Carl
    $400 27
0

Carl
    $400 22
the Nova

Carl
    $600 3
Count Basie

Carl
    $600 8
the Maltese Falcon

Edith
    $600 13
(Anders: What is a flower?)

fruit

CarlAnders
    $600 18
Starbucks

Edith
    $600 28
"What hath God wrought"

Carl
    $600 23
Hideo Nomo

Carl
    $1,200 4
(Count von) Zeppelin

Carl
    $800 9
the Golden Fleece

Anders
    $800 14
(Carl: What is the Earth and the Moon?)
(Edith: What is the land and the sea?)

day & night

CarlEdith
Triple Stumper
    $800 19
Froot Loops

Carl
    $800 29
(Carl: What is the SSI?)
(Anders: What is the SSA?)

the OSS

CarlAnders
Triple Stumper
    $800 24
Nokia

Carl
    $1000 5
(Marquis) de Sade

Carl
    $1000 10
the hateful Grendel

Carl
    $1000 15
the firmament

Anders
    $1000 20
San Francisco

Edith
    $1000 30
@

Triple Stumper
    $1000 25
a nosegay

Carl

Scores at the first commercial break (after clue 15):

Carl Anders Edith
$4,200 $1,200 $600

Scores at the end of the Jeopardy! Round:

Carl Anders Edith
$9,000 $400 $2,200

Double Jeopardy! Round responses

FAMOUS RECOUNTS
REQUESTS
DAYS OF RECREATION
HAVE A RETREAT
REMORSE CODE
JUST SAY RENO
    $400 11
Mexico

Edith
    $400 12
"Born To Run"

Carl
    $400 1
Rollerblade

Carl
    $400 6
Russia

Carl
    $400 21
regrets

Edith
    $400 26
(Carl: What is a silver dollar?)

a divorce

Carl
Triple Stumper
    $800 13
Robert Mugabe

Carl
    $800 17
Pearl Jam

Carl
    $800 2
birdwatching

Carl
    $800 7
(Edith: What is the Monitor?)
...
(Alex: Yep, Edith helped you on that one.)
(Carl: Yes, sir.)

the Merrimac

CarlEdith
    $800 22
pardon

Carl
    $800 27
(Anders: What is "Little City on Earth"?)

"Little City in the World"

CarlAnders
    $1200 14
Vermont

Carl
    $1200 18
Destiny's Child

Triple Stumper
    $1200 3
(Alex: Opening [*].)

the wall

Triple Stumper
    $1,400 8
(Alex: Yes, that's the year. We thought somebody might say 1939, but you got it.)

1940

Carl
    $1200 23
contrite

Carl
    $1200 28
(Edith: What is "Walk The Line"?)

"Folsom Prison Blues"

Edith
Triple Stumper
    $1600 15
(Katherine) Harris

Carl
    $1600 19
"True"

Edith
    $1600 4
(Anders: What is scuba?)

snorkel (or snorkeling)

AndersEdith
    $1600 9
Istanbul (Constantinople)

Carl
    $1,800 24
an apology

Carl
    $1600 29
the Basques

Carl
    $2000 16
Washington State

Carl
    $2000 20
(Alex: The original by [*].)

Dusty Springfield

Triple Stumper
    $2000 5
(Carl: What is kitesurfing?)
(Edith: What is waterboarding?)
[Carl laughs and keeps laughing.]

wakeboarding

CarlAndersEdith
    $2000 10
Garibaldi

Carl
    $2000 25
repent

Carl
    $2000 30
(Alex: That railroad was [*].)

the Central Pacific

Triple Stumper

Scores at the end of the Double Jeopardy! Round:

Carl Anders Edith
$29,000 $0 $2,200
(lock game)

[wagering suggestions for these scores]

Final Jeopardy! Round responses

MOVIE MAKERS & REMAKERS
(Alex: Paul Muni's film was way back in 1932. Brian De Palma's was 51 years later.)
...
(Alex: [Revealing Edith's response] Good for you. Al Pacino starred in the more recent version.)
EdithWhat is Scarface?
$2,100
CarlWhat is Scarface?
$1,000
Scarface

Final scores:

Carl Anders Edith
$30,000 $0 $4,300
4-day champion: $70,799 3rd place: $1,000 2nd place: $2,000

Game dynamics:

Coryat scores:

Carl Anders Edith
$28,200 $0 $2,200
37 R
(including 3 DDs),
4 W
3 R,
4 W
10 R,
4 W

Combined Coryat: $30,400

The J! Archive is created by fans, for fans. The Jeopardy! game show and all elements thereof, including but not limited to copyright and trademark thereto, are the property of Jeopardy Productions, Inc. and are protected under law. This website is not affiliated with, sponsored by, or operated by Jeopardy Productions, Inc. Join the discussion at JBoard.tv.